District governing in Malaysia /

Bibliographic Details
Main Author: Mohd. Khairan Abdullah
Format: Book
Published: San Diego: San Diego State University, 1983.
Subjects:
LEADER 00514cam a2200181 7i4500
001 0000043224
005 20151104090000.0
005 ##20151104153600.0
002 ##000003453
003 ##MY-KlINT
008 151104 00010 eng
039 # 9 |y 201511041536  |z VLOAD 
090 0 0 |a 352.03595 MOH  
100 1 # |a Mohd. Khairan Abdullah 
245 0 0 |a District governing in Malaysia /   |c by Mohd. Khairan Abdullah.. 
260 # # |a San Diego:   |b San Diego State University,   |c 1983. 
300 # # |a 30 p.. 
650 # 0 |a Local governmen --   |x Malaysia